00972 2200325 4500001002100000005001500021035002000036007000300056040001200059100003400071245009400105250001100199300003100210504002300241020002200264082001100286084001700297090002200314264003300336336002100369337003000390338002300420650001700443700003500460700005200495850001000547008004100557990002400598990002400622INLIS00000000000886720260513022406 a0010-1022000242ta aSBPUPAD1 aEl-kabumaini,NasinePengarang1 aTsunami :bApa,Mengapa? /cEl-kabumaini,Nasin ;Tjetjep S. Ranuatmaja ;Editor,Rissa Yanuar aCet. 1 a68 hlm. :billus. ;c21 cm aBibliografi,Hlm 67 a978-602-95715-8-5 a551.47 a551.47 ELK t a551.47 ELK t 16-5 aBandung :bPuri Delco,c2018 2rdacontentateks 2rdamediaatanpa perantara 2rdacarrieravolume 4aBencana Alam0 aEditor,Rissa YanuarePengarang0 aPengarang Ke-2,Tjetjep S. RanuatmajaePengarang aPUPAD260513 0  a156/S/KAPD/PDG/2012 a155/S/KAPD/PDG/2012